000 01194nam a22003257i 4500
003 EG-GICUC
005 20260302123703.0
008 260209s2006 ua |||fr|||| 000 0 ara d
017 _a2006/2712
020 _a977560267X
040 _a EG-GICUC
_bara
_c EG-GICUC
_d EG-GICUC
_erda
041 0 _aara
082 0 4 _221
_a341.3
_bر ي . ق
092 0 4 _221
099 _aLaw1 11 341.3 2006 ر ي . ق
100 0 _aرياض صالح أبو العطا
_eمؤلف.
245 1 2 _aالقانون الدولي العام :
_bالعلاقات الدولية/
_cتأليف رياض صالح أبو العطا.
264 1 _aالقاهرة :
_bدار النهضة العربية ،
_c2006.
300 _a305 صفحة ؛
_c24 سم
336 _2rda content
_atext
337 _2rda media
_aComputer
338 _2rda carrier
_aOnline Resource
504 _aيشتمل على إرجاعات ببيلوجرافية.
546 _aالنص باللغة العربية
650 1 4 _aالقانون الدولي العام
_vالعلاقات الدولية
_2qrmak
651 1 _2qrmak
856 4 0 _uhttps://fll.law.cu.edu.eg/fulltext/bks/B11-07031.pdf
905 _a56
942 _2ddc
_cBK
_e21
_n0
999 _c61823
_d61823